000 00500nam a2200157Ia 4500
008 090123s9999 xx 000 0 und d
082 _b32554
245 _aअशी ही पुलंची फुलराणी
250 _a1
260 _bसंयम
_c2001
300 _a128
630 _aअशी ही पुलंची फुलराणी
700 _aटिकेकर सुजाता
730 _aअशी ही पुलंची फुलराणी
942 _cBOOK
999 _c70613
_d70613